[Event "Senioren 2018"]
[Site "Bad Woerishofen"]
[Date "2018.02.23"]
[Round "1"]
[White "Reimann, Guenther"]
[Black "Gulinelli, Euro"]
[Result "1-0"]
[WhiteElo "1893"]
[BlackElo "1532"]
[PlyCount "107"]
[EventDate "2018.??.??"]
[WhiteTeam "SC Magstadt"]

1. c4 Nf6 2. Nf3 g6 3. g3 Bg7 4. Bg2 O-O 5. O-O d5 6. cxd5 Nxd5 7. Nc3 c6 8.
Qb3 Qb6 9. Nxd5 cxd5 10. Qxb6 axb6 11. a3 e5 12. Rb1 Nc6 13. d3 Rd8 14. Re1 h6
15. e3 Be6 16. Nd2 Rac8 17. b4 Ne7 18. Bb2 Rc2 19. Nf3 f6 20. Rec1 Rdc8 21. Ne1
Rxc1 22. Rxc1 Rxc1 23. Bxc1 b5 24. Bb2 f5 25. Kf1 Kf7 26. Ke2 Bd7 27. Kd2 Ke6
28. f4 Bf6 29. fxe5 Bxe5 30. Bxe5 Kxe5 31. Nf3+ Kd6 32. Nd4 g5 33. Nb3 b6 34.
Nd4 Ng6 35. Bh3 g4 36. Bg2 h5 37. Ne2 Bc6 38. d4 Bd7 39. Nc3 Bc6 40. Bf1 Nf8
41. Nxb5+ Kd7 42. Nc3 Kd6 43. Bg2 Nd7 44. Ne2 Nf6 45. Nf4 Be8 46. Kc3 Ba4 47.
Nd3 Be8 48. Kb3 b5 49. Nb2 Nd7 50. a4 bxa4+ 51. Nxa4 Nf6 52. Nc3 Bc6 53. b5 Ba8
54. Kb4 1-0

[Event "Senioren 2018"]
[Site "Bad Woerishofen"]
[Date "2018.02.23"]
[Round "1"]
[White "Richter, Stefan"]
[Black "Kalepky, Helmut"]
[Result "0-1"]
[WhiteElo "1698"]
[BlackElo "1974"]
[PlyCount "120"]
[EventDate "2018.??.??"]
[WhiteTeam "SZ Langenberg"]
[BlackTeam "SF Heidesheim"]

1. e4 c5 2. Nf3 e6 3. Nc3 Nc6 4. Be2 Nf6 5. d3 d6 6. O-O Be7 7. Bd2 a6 8. Qc1
Qc7 9. Nd1 d5 10. exd5 Nxd5 11. c4 Nf6 12. Nc3 Bd6 13. Ne4 Nxe4 14. dxe4 Nd4
15. Nxd4 cxd4 16. g3 e5 17. Bf3 Be6 18. b3 Rc8 19. Qd1 Qd7 20. Bg2 f6 21. f4
Bf7 22. f5 h5 23. h4 Ke7 24. Qe1 Rc6 25. Bb4 b6 26. a3 Rhc8 27. Rf2 Qa7 28. Bf1
a5 29. Bxd6+ Rxd6 30. Bd3 Rdc6 31. Rc2 b5 32. Rac1 bxc4 33. bxc4 Qc5 34. Kg2
Qxa3 35. Qd2 Qb4 36. Qe2 Rb8 37. Rd2 Qc5 38. Rb2 Rxb2 39. Qxb2 Rb6 40. Qa2 Rb4
41. Kf3 Be8 42. Rb1 Rxb1 43. Qxb1 Qb4 44. Qxb4+ axb4 45. Bc2 Kd6 46. Ke2 Kc5
47. Kd3 Bf7 48. Bb3 g6 49. Bc2 gxf5 50. exf5 Be8 51. Bb3 Bc6 52. Bd1 e4+ 53.
Kd2 Be8 54. g4 hxg4 55. Bxg4 Kxc4 56. h5 e3+ 57. Ke1 Bxh5 58. Bxh5 Kc3 59. Kd1
e2+ 60. Bxe2 b3 0-1

[Event "Senioren 2018"]
[Site "Bad Woerishofen"]
[Date "2018.02.23"]
[Round "1"]
[White "Riedel, Lutz"]
[Black "Rothenhagen, Siegfried"]
[Result "1/2-1/2"]
[WhiteElo "2040"]
[BlackElo "1775"]
[PlyCount "132"]
[EventDate "2018.??.??"]
[WhiteTeam "SK Krumbach"]
[BlackTeam "Sportfr.Windach"]

1. Nf3 Nf6 2. g3 d5 3. Bg2 e6 4. O-O c5 5. d4 Nc6 6. c3 Be7 7. Bf4 O-O 8. Nbd2
b6 9. Rc1 Bb7 10. Qa4 Qd7 11. dxc5 Bxc5 12. Bg5 Ne5 13. Qc2 Nxf3+ 14. Bxf3 Be7
15. Rfe1 Rac8 16. Qd3 Rfd8 17. Rcd1 h6 18. Bxf6 Bxf6 19. e4 dxe4 20. Qxd7 Rxd7
21. Bxe4 Be7 22. Bxb7 Rxb7 23. Ne4 Rcc7 24. Rd3 Rd7 25. Red1 Rxd3 26. Rxd3 Kf8
27. Kf1 Rc7 28. Ke2 Ke8 29. f4 Kf8 30. Rd4 Ke8 31. Kd3 Rd7 32. Kc4 Rxd4+ 33.
cxd4 a6 34. a4 Kd7 35. b4 Kc6 36. b5+ axb5+ 37. axb5+ Kc7 38. Nc3 Kd6 39. Na4
Bd8 40. Kd3 Kd5 41. Nc3+ Kd6 42. Ke4 f5+ 43. Kd3 Bf6 44. Kc4 Kd7 45. Na4 Bd8
46. Nb2 g5 47. Nd3 gxf4 48. gxf4 Bf6 49. Nb4 Be7 50. Nd3 Bf6 51. h3 Kd6 52. Nb4
Bh4 53. Kd3 Bf6 54. Nc2 Bh4 55. Ne3 Bd8 56. Kc4 Bh4 57. Kd3 Bd8 58. Nc4+ Kd5
59. Ne3+ Kd6 60. Kc4 Bc7 61. d5 exd5+ 62. Nxd5 Bd8 63. Ne3 Ke6 64. Kd3 Bc7 65.
Nc4 Kd5 66. Ne3+ Ke6 1/2-1/2

[Event "Senioren 2018"]
[Site "Bad Woerishofen"]
[Date "2018.02.23"]
[Round "1"]
[White "Rubke, Manfred"]
[Black "Reichwald, Klaus"]
[Result "1-0"]
[WhiteElo "2114"]
[BlackElo "1813"]
[PlyCount "103"]
[EventDate "2018.??.??"]
[WhiteTeam "TSV Haunstetten"]
[BlackTeam "SC Lohhof"]

1. c4 Nf6 2. f4 d6 3. Nf3 g6 4. Nc3 Bg7 5. d4 O-O 6. e3 c6 7. Bd3 Na6 8. O-O
Nc7 9. Qc2 d5 10. c5 Ng4 11. h3 Nh6 12. g4 f6 13. Qh2 Nf7 14. f5 g5 15. Bd2 e5
16. fxe6 Nxe6 17. Ne2 Qc7 18. Ng3 Nh6 19. Qg2 Bd7 20. Rf2 Rf7 21. Raf1 Raf8 22.
Bc3 Re8 23. Nd2 Nf8 24. e4 Ng6 25. Nh5 Nh4 26. Qh2 Qxh2+ 27. Kxh2 Ref8 28. Be2
Be6 29. a4 Ng6 30. b4 Ne7 31. b5 dxe4 32. Nxe4 Nd5 33. Bd2 Bd7 34. Bc4 f5 35.
Nxg5 Bxd4 36. Nxf7 Nxf7 37. bxc6 bxc6 38. Bxd5 cxd5 39. Rg2 Kh8 40. c6 Bxc6 41.
Rxf5 Be5+ 42. Ng3 Kg8 43. Rgf2 Bd7 44. R5f3 Bd6 45. a5 d4 46. Rf6 Bc6 47. Rxd6
Nxd6 48. Rxf8+ Kxf8 49. Bb4 Ke7 50. Nf5+ Kd7 51. Bxd6 d3 52. Bf4 1-0

[Event "Senioren 2018"]
[Site "Bad Woerishofen"]
[Date "2018.02.23"]
[Round "1"]
[White "Rueberg, Jobst"]
[Black "Schuessler, Thomas G"]
[Result "1-0"]
[WhiteElo "2086"]
[BlackElo "1811"]
[PlyCount "57"]
[EventDate "2018.??.??"]
[WhiteTeam "SV Ahlen"]
[BlackTeam "SC Wiesloch / SF Baiertal"]

1. e4 d5 2. exd5 Qxd5 3. Nc3 Qd8 4. g3 Nf6 5. Bg2 c6 6. Nge2 Bg4 7. h3 Bh5 8.
d3 e6 9. O-O Be7 10. Qe1 O-O 11. Nf4 Bg6 12. Nxg6 hxg6 13. Bd2 Nbd7 14. Ne2 Nb6
15. a4 Qd7 16. a5 Nbd5 17. Nc1 Nc7 18. Nb3 Na6 19. d4 Rfd8 20. Bg5 Re8 21. Qe2
Nd5 22. Bxe7 Qxe7 23. c3 Rab8 24. Rfe1 Qd7 25. Rad1 Re7 26. c4 Ndc7 27. d5 cxd5
28. cxd5 Qb5 29. Bf1 1-0

[Event "Senioren 2018"]
[Site "Bad Woerishofen"]
[Date "2018.02.23"]
[Round "1"]
[White "Schmidt, Eugen"]
[Black "Birkestrand, Odd"]
[Result "1-0"]
[WhiteElo "1985"]
[BlackElo "1686"]
[PlyCount "137"]
[EventDate "2018.??.??"]
[WhiteTeam "SC Iffezheim"]

1. e4 e5 2. Nf3 Nc6 3. Bb5 d6 4. O-O Bd7 5. c3 Be7 6. Re1 Nf6 7. d4 O-O 8. Nbd2
exd4 9. cxd4 a6 10. Ba4 h6 11. h3 Nh7 12. Bc2 Ng5 13. a3 Re8 14. Nxg5 Bxg5 15.
Nf3 Bxc1 16. Rxc1 Re7 17. Bb1 Rc8 18. Qd3 g6 19. b4 Nb8 20. Ba2 Bb5 21. Qc2 Kg7
22. Bb3 Qf8 23. Re3 f6 24. Nh4 Be8 25. Rg3 Kh7 26. e5 Rg7 27. Rf3 dxe5 28. dxe5
Nd7 29. Be6 Nxe5 30. Bxc8 Nxf3+ 31. Nxf3 Bc6 32. Be6 Bxf3 33. gxf3 Qd6 34. Qe4
Re7 35. Re1 Kg7 36. Re3 c6 37. Qc4 h5 38. Kg2 Kf8 39. a4 Kg7 40. a5 Kf8 41. Bg8
Rg7 42. Be6 Re7 43. f4 f5 44. Kg3 Qd1 45. Re2 Qg1+ 46. Kh4 Kg7 47. Qd4+ Kh7 48.
Qf6 Rg7 49. Qd8 Qc1 50. Qd2 Qg1 51. Ba2 Qa1 52. Qb2 Qg1 53. Qd2 Qa1 54. Re5 Qg1
55. Bb3 Kh6 56. Re6 Kh7 57. Bc2 Rg8 58. Bd1 Rg7 59. Bf3 Qh2 60. Re1 Kh6 61. Rh1
Qxf4+ 62. Qxf4+ g5+ 63. Qxg5+ Rxg5 64. Re1 Rg7 65. Re6+ Kh7 66. Rf6 Rd7 67.
Kxh5 Rd4 68. Rf7+ Kg8 69. Rxb7 1-0

[Event "Senioren 2018"]
[Site "Bad Woerishofen"]
[Date "2018.02.23"]
[Round "1"]
[White "Schulz, Franz"]
[Black "Spurga, Josef"]
[Result "0-1"]
[WhiteElo "1630"]
[BlackElo "1942"]
[PlyCount "100"]
[EventDate "2018.??.??"]
[WhiteTeam "SV Ebersbach"]
[BlackTeam "VfL Sindelfingen"]

1. b4 e6 2. a3 Nf6 3. Bb2 Be7 4. Nf3 b6 5. e3 Bb7 6. c4 c5 7. b5 O-O 8. Be2 d5
9. d3 Nbd7 10. Nbd2 Qc7 11. O-O Rad8 12. Qc2 Ne8 13. Rfd1 Bf6 14. Bxf6 Ndxf6
15. Nb3 dxc4 16. dxc4 e5 17. Nfd2 e4 18. Nf1 Nd6 19. Rd2 Nf5 20. Rad1 Rxd2 21.
Qxd2 Qe5 22. h3 h5 23. Nh2 Re8 24. Qc1 Nh4 25. Rd2 Qg5 26. Qf1 Nf3+ 27. Bxf3
exf3 28. g3 Qf5 29. Nc1 Ne4 30. Rd3 Ng5 31. g4 hxg4 32. hxg4 Qe6 33. Rc3 Ne4
34. Rc2 Ng5 35. Nd3 Be4 36. Nf4 Qh6 37. Rd2 Qf6 38. Rd7 Qb2 39. Rxa7 Rd8 40.
Nd5 Bxd5 41. cxd5 Rxd5 42. Nxf3 Nxf3+ 43. Kg2 Nh4+ 44. Kg3 g5 45. Qc4 Qe5+ 46.
Kh3 Qe6 47. Ra8+ Kg7 48. Qc3+ Qe5 49. Qc4 Rd1 50. f4 Rh1+ 0-1

[Event "Senioren 2018"]
[Site "Bad Woerishofen"]
[Date "2018.02.23"]
[Round "1"]
[White "Semakoff, Aleks"]
[Black "Teubner, Wolfgang"]
[Result "1-0"]
[WhiteElo "2097"]
[BlackElo "1791"]
[PlyCount "101"]
[EventDate "2018.??.??"]
[BlackTeam "SF Blaustein"]

1. e4 c5 2. Nf3 d6 3. d4 cxd4 4. Nxd4 a6 5. c4 e6 6. Be3 Nf6 7. Nc3 Be7 8. Be2
O-O 9. O-O h6 10. f4 Nc6 11. Kh1 Nh7 12. Qe1 Nxd4 13. Bxd4 Bf6 14. Rd1 Bxd4 15.
Rxd4 Qc7 16. Qd2 e5 17. Rxd6 exf4 18. Rxf4 Be6 19. e5 Qc5 20. Nd5 Rae8 21. b4
Qc8 22. Nb6 Qc7 23. Qd4 Qe7 24. c5 Ng5 25. h4 Nh7 26. Rf1 Qc7 27. Bf3 Re7 28.
a3 Rfe8 29. Rd1 Nf8 30. Rd8 Ng6 31. Rxe8+ Rxe8 32. Qd6 Re7 33. Qxc7 Rxc7 34.
Rd8+ Kh7 35. Be4 h5 36. Rb8 Kh6 37. Rxb7 Rxb7 38. Bxb7 Nxe5 39. Bxa6 g5 40.
hxg5+ Kxg5 41. Bb7 Kf4 42. c6 Kg3 43. c7 Ng4 44. c8=Q Bxc8 45. Nxc8 Ne3 46. a4
h4 47. a5 f5 48. a6 f4 49. a7 h3 50. gxh3 f3 51. Bxf3 1-0

[Event "Senioren 2018"]
[Site "Bad Woerishofen"]
[Date "2018.02.23"]
[Round "1"]
[White "Suva, Karl"]
[Black "Trefzer, Erhard"]
[Result "0-1"]
[WhiteElo "1572"]
[BlackElo "1910"]
[PlyCount "56"]
[EventDate "2018.??.??"]
[WhiteTeam "Union Sandersdorf"]
[BlackTeam "SV Besigheim"]

1. d4 e6 2. e4 d5 3. e5 c5 4. Be3 cxd4 5. Bxd4 Nc6 6. Be3 d4 7. Bd2 Nxe5 8. c4
Nf6 9. f4 Nc6 10. Nf3 Qb6 11. Qc2 Bd7 12. Bd3 Rc8 13. a3 a5 14. O-O h6 15. Re1
Be7 16. Bc1 Qc7 17. h3 O-O 18. Rf1 Nh5 19. Nh2 Bd6 20. Ng4 f5 21. Nxh6+ gxh6
22. Qf2 Qd8 23. Qf3 Ng7 24. Nd2 e5 25. fxe5 Nxe5 26. Qg3 Be6 27. Ne4 fxe4 28.
Bxh6 Nf3+ 0-1

[Event "Senioren 2018"]
[Site "Bad Woerishofen"]
[Date "2018.02.23"]
[Round "1"]
[White "Traversi, Carlo"]
[Black "Zerweck, Christoph"]
[Result "0-1"]
[WhiteElo "1537"]
[BlackElo "1897"]
[PlyCount "88"]
[EventDate "2018.??.??"]
[BlackTeam "SV Herrenberg"]

1. Nf3 d5 2. d4 Nf6 3. e3 c5 4. c3 Nc6 5. Be2 Bf5 6. Qa4 Bd7 7. Bb5 a6 8. Bxc6
Bxc6 9. Qd1 e6 10. O-O Bd6 11. Nbd2 O-O 12. Ne5 Rc8 13. f4 b5 14. dxc5 Bxc5 15.
Nb3 Qb6 16. Nd4 Bb7 17. a3 Rfd8 18. Qf3 Ne4 19. f5 f6 20. Nd3 Ng5 21. Qg4 e5
22. Nxc5 Qxc5 23. Ne6 Nxe6 24. fxe6 Qe7 25. e4 dxe4 26. Bh6 Rd6 27. Rf5 Kh8 28.
Be3 Qxe6 29. Raf1 g6 30. Rxf6 Qxg4 31. Rxd6 Re8 32. Rdf6 Bc8 33. Bh6 Bf5 34.
Rf7 Qh5 35. Bg7+ Kg8 36. Rc7 e3 37. Bf6 e2 38. Re1 Bd3 39. Rg7+ Kf8 40. Rd7 e4
41. Bg7+ Kg8 42. Bd4 Qf5 43. Rg7+ Kf8 44. Rxh7 Qf1+ 0-1

[Event "Senioren 2018"]
[Site "Bad Woerishofen"]
[Date "2018.02.23"]
[Round "1"]
[White "Zwetz, Anita"]
[Black "Daeubler, Heinrich"]
[Result "0-1"]
[WhiteElo "1842"]
[BlackElo "2182"]
[PlyCount "80"]
[EventDate "2018.??.??"]
[WhiteTeam "TSV Kareth-Lappersdorf"]
[BlackTeam "SC Haselmühl"]

1. d4 g6 2. Nf3 Bg7 3. c3 d6 4. Bf4 Nd7 5. Nbd2 e5 6. dxe5 dxe5 7. Bg5 Ne7 8.
e4 h6 9. Bxe7 Qxe7 10. Bc4 Nc5 11. Qe2 h5 12. h3 Bd7 13. O-O g5 14. Kh2 g4 15.
Ng1 O-O-O 16. Rfd1 Bh6 17. Nf1 Rdg8 18. b4 Ne6 19. Bxe6 Bxe6 20. Re1 gxh3 21.
Nxh3 Bxh3 22. Kxh3 Qg5 23. Ne3 Qg6 24. Qf3 Bxe3 25. Rxe3 Qe6+ 26. Kh2 Rd8 27.
Qh3 Qxh3+ 28. Kxh3 Rd2 29. Rf3 Rh7 30. Rf5 Rd3+ 31. f3 Rxc3 32. Rxe5 Rd3 33.
Kh4 f6 34. Rf5 Rd2 35. Rxf6 Rxg2 36. Rd1 Rh8 37. Rh1 Rxa2 38. Kg5 h4 39. Rxh4
Rg2+ 40. Rg4 Rg8+ 0-1

[Event "Senioren 2018"]
[Site "Bad Woerishofen"]
[Date "2018.02.24"]
[Round "2"]
[White "Aigner, Georg"]
[Black "Chochoy, Patrick"]
[Result "1-0"]
[WhiteElo "1841"]
[BlackElo "1604"]
[PlyCount "63"]
[EventDate "2018.??.??"]
[WhiteTeam "SC Taufkirchen"]

1. e4 c5 2. Nf3 d6 3. d4 cxd4 4. Nxd4 Nf6 5. Nc3 a6 6. Be2 e5 7. Nb3 Be7 8. O-O
O-O 9. Qd3 Be6 10. Nd5 Bxd5 11. exd5 Nbd7 12. c4 Rc8 13. Be3 Nc5 14. Nxc5 dxc5
15. Qf5 Qc7 16. h4 g6 17. Qh3 Ne4 18. Bh6 Rfe8 19. Bg4 Rcd8 20. f4 exf4 21.
Rxf4 Bd6 22. Rf3 Be5 23. Raf1 Ng3 24. Rd1 Bd4+ 25. Kh2 Nf1+ 26. Kh1 Ng3+ 27.
Rxg3 Be5 28. Rgd3 Bg7 29. Re3 Qa5 30. Qf3 Rxe3 31. Qxe3 Qc7 32. Re1 1-0

[Event "Senioren 2018"]
[Site "Bad Woerishofen"]
[Date "2018.02.24"]
[Round "2"]
[White "Beck, Andreas"]
[Black "Suva, Karl"]
[Result "1-0"]
[WhiteElo "1802"]
[BlackElo "1572"]
[PlyCount "59"]
[EventDate "2018.??.??"]
[WhiteTeam "TSV Malschenberg"]
[BlackTeam "Union Sandersdorf"]

1. Nf3 Nc6 2. g3 e5 3. d3 d5 4. Nbd2 Bb4 5. c3 Ba5 6. Bg2 Nge7 7. b4 Bb6 8. b5
Na5 9. Nxe5 d4 10. c4 a6 11. a4 O-O 12. O-O f5 13. Nb3 Be6 14. Nxa5 Bxa5 15.
Bxb7 Ra7 16. bxa6 Qd6 17. Bf4 Qc5 18. Rb1 Bb4 19. Qc2 g5 20. Bxg5 Qxe5 21. Rxb4
c5 22. Bxe7 Rf7 23. Bxc5 f4 24. Bxa7 fxg3 25. hxg3 Rf6 26. Rb5 Qc7 27. Bxd4 Rh6
28. Bg2 Qc8 29. a7 Bh3 30. a8=Q 1-0

[Event "Senioren 2018"]
[Site "Bad Woerishofen"]
[Date "2018.02.24"]
[Round "2"]
[White "Bhend, Edwin"]
[Black "Kirchner, Ulrich"]
[Result "1-0"]
[WhiteElo "2097"]
[BlackElo "1643"]
[PlyCount "103"]
[EventDate "2018.??.??"]
[BlackTeam "SF Blaustein"]

1. d4 Nf6 2. Nc3 d5 3. Bg5 e6 4. e4 Be7 5. Bxf6 Bxf6 6. Nf3 Nd7 7. exd5 exd5 8.
Nxd5 O-O 9. Be2 c6 10. Nxf6+ Nxf6 11. O-O Bf5 12. c3 Qc7 13. Ne5 Rfe8 14. Bc4
Be6 15. Bxe6 Rxe6 16. f4 Rd8 17. Qf3 Nd7 18. Rae1 f6 19. Nd3 Rde8 20. f5 R6e7
21. Rxe7 Rxe7 22. Re1 Nb6 23. Rxe7 Qxe7 24. Kf2 Nc4 25. Qe2 Qxe2+ 26. Kxe2 Nd6
27. g4 h5 28. h3 hxg4 29. hxg4 Kf7 30. Kf3 g6 31. Kf4 g5+ 32. Kf3 Ke7 33. Ke2
b6 34. Nf2 Nf7 35. Kd3 Nh6 36. a4 Kd7 37. b4 a6 38. Kc4 Kc7 39. Kd3 Kd7 40. c4
Kc7 41. Ke3 Kd7 42. Kf3 Nf7 43. Ne4 Ke7 44. a5 bxa5 45. bxa5 Nd6 46. Nxd6 Kxd6
47. Ke4 c5 48. Kd3 cxd4 49. Kxd4 Kc6 50. c5 Kb5 51. Kd5 Kxa5 52. Kc4 1-0

[Event "Senioren 2018"]
[Site "Bad Woerishofen"]
[Date "2018.02.24"]
[Round "2"]
[White "Birkestrand, Odd"]
[Black "Keller, Harald"]
[Result "0-1"]
[WhiteElo "1686"]
[BlackElo "2055"]
[PlyCount "78"]
[EventDate "2018.??.??"]
[BlackTeam "SV Rottweil"]

1. e4 Nf6 2. Nc3 d5 3. exd5 Nxd5 4. Bc4 e6 5. Qf3 c6 6. Nge2 Nd7 7. d4 Be7 8.
O-O Bf6 9. Ne4 N7b6 10. Nxf6+ Qxf6 11. Qxf6 gxf6 12. Bb3 e5 13. c4 Ne7 14. dxe5
fxe5 15. Ng3 Be6 16. Ne4 f5 17. Nd6+ Kd7 18. Rd1 Kc7 19. Bg5 Ng6 20. c5 Nd5 21.
Bxd5 cxd5 22. Nb5+ Kc6 23. a4 a6 24. Nc3 Kxc5 25. Rac1 Kd6 26. f3 Rac8 27. Ne2
Rxc1 28. Rxc1 Rc8 29. Rxc8 Bxc8 30. b4 Bd7 31. a5 Bb5 32. Nc3 d4 33. Nxb5+ axb5
34. Kf2 Kd5 35. Ke2 Kc4 36. Bd2 Nf4+ 37. Bxf4 exf4 38. g4 d3+ 39. Kd2 fxg4 0-1

[Event "Senioren 2018"]
[Site "Bad Woerishofen"]
[Date "2018.02.24"]
[Round "2"]
[White "Blutharsch, Walter"]
[Black "Schulz, Franz"]
[Result "1-0"]
[WhiteElo "1860"]
[BlackElo "1630"]
[PlyCount "107"]
[EventDate "2018.??.??"]
[WhiteTeam "VfL Sindelfingen"]
[BlackTeam "SV Ebersbach"]

1. d4 Nf6 2. Nf3 d5 3. c4 c6 4. Nc3 Bf5 5. e3 e6 6. Be2 b6 7. O-O Bd6 8. Nh4
Bg6 9. cxd5 Nxd5 10. Nxg6 hxg6 11. g3 Nxc3 12. bxc3 f5 13. Qb3 Qe7 14. Bf3 Qd7
15. a4 Ke7 16. e4 Kf7 17. exf5 gxf5 18. Re1 Re8 19. Bg5 Be7 20. Bxe7 Rxe7 21.
Re5 g6 22. Rae1 Kf6 23. Qc4 Qd6 24. g4 a5 25. g5+ Kf7 26. R1e3 Raa7 27. Re1
Rac7 28. h4 Nd7 29. R5e3 Nf8 30. h5 Qf4 31. hxg6+ Nxg6 32. Rxe6 Qxg5+ 33. Kf1
Kg7 34. Bxc6 Rxe6 35. Qxe6 Re7 36. Qd6 Rxe1+ 37. Kxe1 Qc1+ 38. Ke2 Qc2+ 39. Kf1
Qd3+ 40. Kg1 Qd1+ 41. Kg2 Qg4+ 42. Qg3 Nf4+ 43. Kf1 Qxg3 44. fxg3 Nh5 45. Kf2
Kf6 46. Kf3 Ke6 47. c4 Kd6 48. Be8 Ng7 49. Bf7 Ke7 50. Bg8 Nh5 51. d5 Kd6 52.
Bf7 Ng7 53. Kf4 Kc5 54. Ke5 1-0

[Event "Senioren 2018"]
[Site "Bad Woerishofen"]
[Date "2018.02.24"]
[Round "2"]
[White "Collins, Alan"]
[Black "Goldinger, Josef"]
[Result "1/2-1/2"]
[WhiteElo "1641"]
[BlackElo "1795"]
[PlyCount "34"]
[EventDate "2018.??.??"]
[BlackTeam "SV Rottweil"]

1. f4 e5 2. fxe5 d6 3. Nf3 Nc6 4. e4 Nxe5 5. d3 Be7 6. Be2 Ng6 7. O-O c6 8. Be3
Bd7 9. Nc3 Qc7 10. Qd2 O-O-O 11. a4 h6 12. Rfb1 Nf6 13. Kh1 Ng4 14. Bg1 Nh4 15.
h3 Nxf3 16. Bxf3 Bg5 17. Qe2 Ne5 1/2-1/2

[Event "Senioren 2018"]
[Site "Bad Woerishofen"]
[Date "2018.02.24"]
[Round "2"]
[White "Daeubler, Heinrich"]
[Black "Lainburg, Viktor"]
[Result "1-0"]
[WhiteElo "2182"]
[BlackElo "1960"]
[PlyCount "65"]
[EventDate "2018.??.??"]
[WhiteTeam "SC Haselmühl"]
[BlackTeam "SC Weiße Dame Ulm"]

1. d4 d5 2. Nf3 a6 3. g3 Nf6 4. Bg2 e6 5. O-O Nbd7 6. c4 dxc4 7. Nbd2 Nb6 8.
Qc2 Be7 9. Nxc4 Nxc4 10. Qxc4 O-O 11. Qc2 Nd5 12. e4 Nb4 13. Qb3 a5 14. a3 a4
15. Qc3 Nc6 16. Bf4 g5 17. d5 exd5 18. exd5 Bf6 19. Qc2 gxf4 20. dxc6 b6 21.
Rad1 Qe7 22. Rfe1 Qc5 23. Qxc5 bxc5 24. Ne5 fxg3 25. hxg3 Re8 26. Nd7 Rxe1+ 27.
Rxe1 Bxb2 28. Re8+ Kg7 29. Nb6 Rb8 30. Rxc8 Rxb6 31. Rxc7 Rb8 32. Ra7 Bxa3 33.
c7 1-0

[Event "Senioren 2018"]
[Site "Bad Woerishofen"]
[Date "2018.02.24"]
[Round "2"]
[White "Di Lazzaro, Gabriele"]
[Black "Fuchs, Michael"]
[Result "0-1"]
[WhiteElo "1899"]
[BlackElo "2065"]
[PlyCount "72"]
[EventDate "2018.??.??"]
[BlackTeam "DJK SF Haselbach"]

1. d4 c5 2. d5 Nf6 3. Nc3 e5 4. Bg5 d6 5. e4 Be7 6. Bb5+ Nbd7 7. a4 Qa5 8. Bd2
a6 9. Bd3 Qc7 10. b3 Nf8 11. h3 Ng6 12. Nge2 Nh5 13. Qc1 Nhf4 14. O-O Nxd3 15.
cxd3 O-O 16. Qc2 f5 17. f4 exf4 18. Nxf4 Nxf4 19. Bxf4 g5 20. Bd2 f4 21. Rf3
Bf6 22. Raf1 Be5 23. Ne2 g4 24. hxg4 Bxg4 25. R3f2 f3 26. gxf3 Bh3 27. Bh6 Rf6
28. Qd2 Rg6+ 29. Kh1 Bxf1 30. Rxf1 Qd7 31. Ng1 Qe7 32. Bf4 Qh4+ 33. Bh2 Bxh2
34. Qxh2 Qf6 35. Qd2 Rh6+ 36. Kg2 Qg6+ 0-1

[Event "Senioren 2018"]
[Site "Bad Woerishofen"]
[Date "2018.02.24"]
[Round "2"]
[White "Erdmann, Wolfgang"]
[Black "Gundersen, Helge"]
[Result "0-1"]
[WhiteElo "1731"]
[BlackElo "2106"]
[PlyCount "94"]
[EventDate "2018.??.??"]
[WhiteTeam "SC Roter Turm Altstadt"]

1. d4 e6 2. Nf3 f5 3. Bg5 Be7 4. Qd2 Nf6 5. Nc3 b6 6. g3 Bb7 7. Bg2 Ne4 8. Bxe7
Nxd2 9. Bxd8 Nxf3+ 10. exf3 Kxd8 11. O-O Na6 12. a3 c5 13. Rfd1 d5 14. Nb5 Bc6
15. Nc3 Re8 16. f4 Kd7 17. Rd2 Kd6 18. Re1 Nc7 19. Ne2 Bb5 20. c3 Bxe2 21.
Rexe2 cxd4 22. Rxd4 Nb5 23. Rd1 Rac8 24. Bf1 Rc5 25. Red2 Nc7 26. c4 Rc8 27. b4
Rc6 28. cxd5 Nxd5 29. Bg2 Rc1 30. Bxd5 Rxd1+ 31. Rxd1 exd5 32. Rd3 Rc4 33. Kg2
d4 34. Kf3 Kd5 35. h3 Rc3 36. Ke2 Rc2+ 37. Rd2 Rxd2+ 38. Kxd2 Kc4 39. f3 b5 40.
g4 g6 41. h4 h5 42. gxf5 gxf5 43. Kc2 d3+ 44. Kd2 Kd4 45. Kd1 Ke3 46. Ke1 d2+
47. Kd1 Kd3 0-1

[Event "Senioren 2018"]
[Site "Bad Woerishofen"]
[Date "2018.02.24"]
[Round "2"]
[White "Gailis, Gunnar"]
[Black "Braeu, Emmi"]
[Result "1-0"]
[WhiteElo "1746"]
[BlackElo "1519"]
[PlyCount "101"]
[EventDate "2018.??.??"]
[WhiteTeam "SV Hilden"]
[BlackTeam "SK Marktoberdorf"]

1. Nf3 c5 2. e3 Nf6 3. d4 cxd4 4. exd4 d5 5. Be2 Nc6 6. O-O g6 7. b3 Bg7 8. Bb2
O-O 9. Nbd2 Bd7 10. c4 b6 11. cxd5 Nxd5 12. a3 Rc8 13. Rc1 Rc7 14. Bc4 e6 15.
Ne5 Nxe5 16. dxe5 Bc6 17. Nf3 Qc8 18. Re1 Rd8 19. Qe2 Nf4 20. Qe3 Bh6 21. Kf1
Kg7 22. Qc3 Nd5 23. Bxd5 Rxd5 24. Kg1 Bxc1 25. Qxc1 Qd8 26. h3 Rd3 27. Qf4 Bxf3
28. gxf3 g5 29. Qg4 Rc2 30. Bc1 h6 31. Be3 Rd1 32. Rxd1 Qxd1+ 33. Kg2 Qd8 34.
h4 Kg6 35. Qe4+ Kh5 36. Qxc2 gxh4 37. Qc4 Qg8+ 38. Kh3 Qg1 39. Qg4+ Qxg4+ 40.
fxg4+ Kg6 41. Kxh4 f6 42. exf6 Kxf6 43. Bxh6 Kg6 44. Bf4 a6 45. Bc7 b5 46. f4
Kf6 47. Kh5 Ke7 48. g5 Kd7 49. Be5 Ke8 50. Kh6 Kf8 51. Kh7 1-0

[Event "Senioren 2018"]
[Site "Bad Woerishofen"]
[Date "2018.02.24"]
[Round "2"]
[White "Gepting, Konrad"]
[Black "Flockerzi, Armin"]
[Result "0-1"]
[WhiteElo "1585"]
[BlackElo "1772"]
[PlyCount "126"]
[EventDate "2018.??.??"]
[WhiteTeam "SK Marktoberdorf"]
[BlackTeam "VfR-SC Koblenz"]

1. b3 e5 2. e4 Nf6 3. Nc3 d6 4. Bb2 Be7 5. h3 Be6 6. Nf3 h6 7. d4 exd4 8. Nxd4
Bd7 9. Qf3 Nc6 10. Nf5 Bxf5 11. exf5 Nd4 12. Qd3 Nc6 13. a3 a6 14. O-O-O Ne5
15. Qe2 c6 16. f4 Ned7 17. g4 d5 18. Bg2 Qc7 19. Qf3 O-O-O 20. Ne2 Rhg8 21. g5
hxg5 22. fxg5 Ne4 23. h4 Qb6 24. Rhf1 Bc5 25. Nd4 Bd6 26. Ne2 Rde8 27. b4 Ne5
28. Qb3 Qc7 29. Bxe4 dxe4 30. Kb1 Nf3 31. g6 fxg6 32. fxg6 Kb8 33. h5 Bf4 34.
Bc3 Bg5 35. Nd4 Nxd4 36. Bxd4 Ka8 37. Qf7 Qe7 38. Bc5 Qe6 39. Rd6 Qc8 40. Rd7
e3 41. Re1 e2 42. Rc7 Qb8 43. Re7 Bxe7 44. Bxe7 Qe5 45. Bc5 Qc3 46. Rxe2 Rd8
47. Qf1 Qc4 48. Qe1 Qd5 49. Kb2 Qxh5 50. Re6 Qd5 51. Re5 Qf3 52. Re7 Qf6+ 53.
c3 Qg5 54. Kb3 Qd5+ 55. c4 Qd3+ 56. Qc3 Qxg6 57. Ka4 Qd3 58. Qxd3 Rxd3 59. b5
axb5+ 60. cxb5 cxb5+ 61. Kxb5 Rd5 62. Kb6 g5 63. Rxb7 Rg6+ 0-1

[Event "Senioren 2018"]
[Site "Bad Woerishofen"]
[Date "2018.02.24"]
[Round "2"]
[White "Gottwald, Helmut"]
[Black "Fuchs, Joachim"]
[Result "1/2-1/2"]
[WhiteElo "1569"]
[BlackElo "1767"]
[PlyCount "56"]
[EventDate "2018.??.??"]
[WhiteTeam "SV Dicker Turm Esslingen"]
[BlackTeam "SC Starnberg"]

1. e4 e6 2. d4 d5 3. exd5 exd5 4. Nf3 c6 5. Bd3 Bg4 6. h3 Bh5 7. c3 Nf6 8. O-O
Be7 9. Re1 O-O 10. Bg5 Nbd7 11. Nbd2 Re8 12. Qc2 Bg6 13. Bxg6 hxg6 14. Ne5 Nh7
15. Bxe7 Rxe7 16. Nxd7 Qxd7 17. Nf3 Rae8 18. Qd2 Qf5 19. Rxe7 Rxe7 20. Re1
Rxe1+ 21. Qxe1 Nf8 22. a3 Ne6 23. Qd2 Nf4 24. Ne1 Qg5 25. Qe3 Kh7 26. Kh2 Qf5
27. Qe5 Qe4 28. f3 Qf5 1/2-1/2

[Event "Senioren 2018"]
[Site "Bad Woerishofen"]
[Date "2018.02.24"]
[Round "2"]
[White "Gulinelli, Euro"]
[Black "Goris Schouwstra, Adry"]
[Result "1-0"]
[WhiteElo "1532"]
[BlackElo "1733"]
[PlyCount "119"]
[EventDate "2018.??.??"]

1. e4 e6 2. d3 d5 3. Nd2 dxe4 4. dxe4 Bd7 5. Ngf3 Bc6 6. Bc4 Nd7 7. O-O b5 8.
Be2 a6 9. e5 Bb7 10. b3 c5 11. Bb2 Ne7 12. Re1 Ng6 13. Bf1 Be7 14. a4 b4 15.
Nc4 O-O 16. g3 Qc7 17. Bg2 Rad8 18. Qe2 Nb6 19. Nxb6 Qxb6 20. Rad1 Bd5 21. h4
Rfe8 22. Bc1 h6 23. h5 Nf8 24. Bf4 Nh7 25. Qe3 Qc7 26. Nd2 Bxg2 27. Kxg2 Rd5
28. Nc4 Red8 29. Qf3 Bg5 30. Nd6 Rd4 31. Rxd4 cxd4 32. Qb7 Qxb7+ 33. Nxb7 Rd5
34. Nd6 Bxf4 35. gxf4 d3 36. cxd3 Rxd3 37. Re3 Rd4 38. Kf3 a5 39. Nc4 Rd5 40.
Ke4 f5+ 41. Kf3 Nf8 42. Ke2 Nd7 43. Rd3 Rxd3 44. Kxd3 Nc5+ 45. Kc2 Nb7 46. Kd2
Kf7 47. Nd6+ Nxd6 48. exd6 Ke8 49. Kd3 Kd7 50. Kc4 Kxd6 51. Kb5 Kd5 52. Kxa5
Kc5 53. f3 Kd4 54. Kxb4 Ke3 55. a5 Kxf3 56. a6 Kxf4 57. a7 e5 58. Kc3 Kg5 59.
a8=Q Kxh5 60. Qe8+ 1-0